El deseado de todas las gentes / (Registro nro. 13095)

Detalles MARC
000 -LIDER
fixed length control field 00436nam a22001577a 4500
003 - IDENTIFICACDOR DE NÚMERO DE CONTROL
control field DO-SdBNP
005 - DATE AND TIME OF LATEST TRANSACTION
control field 20171124131830.0
008 - ELEMENTOS DE LONGITUD FIJA
fixed length control field 171124b mx||||| |||| 00| 0 spa d
040 ## - FUENTE DE CATALOGACIÓN
Agencia que crea de manera original el registro BPMSU
Idioma de catalogación spa
Agencia que realiza la transcripción BPMSU
100 ## - ASIENTO PRINCIPAL -- NOMBRE PERSONAL
Nombre personal White, Elena C., de
245 ## - MENCIÓN DE TITULO
Título El deseado de todas las gentes /
Mención de responsabilidad Elena C. De White
260 ## - PUBLICACIÓN, DISTRIBUCIÓN, ETC. (PIE DE IMPRENTA)
Lugar de publicación, distribución, etc México :
Nombre del editor, distribuidor, etc. Ediciones Interamericana
Fecha de publicación, distribución, etc 1955
300 ## - DESCRIPCIÓN FÍSICA
Extensión 812 p,
Dimensiones 18 cm
942 ## - ADDED ENTRY ELEMENTS (KOHA)
Source of classification or shelving scheme Dewey Decimal Classification
Koha item type Libros
956 ## - LOCAL ELECTRONIC LOCATION AND ACCESS (OCLC)
Nombre de host dgarcia
Número de acceso 10
Existencias
Withdrawn status Lost status Source of classification or shelving scheme Damaged status Not for loan Collection code Home library Current library Date acquired Source of acquisition Total Checkouts Barcode Date last seen Price effective from Koha item type
    Dewey Decimal Classification     Colección General Biblioteca Pública Metropolitana Salomé Ureña Biblioteca Pública Metropolitana Salomé Ureña 11/24/2017 Donado   BPMSU17110427 11/24/2017 11/24/2017 Libros